000
002670000a22000970004500
100
1
_a
Restrepo Madero, Eugenio
245
1
0
_a
When life is whort-less
300
_a
Vol. 71, Num. 4 (Octubre-Diciembre, 1991), Página 11
773
0
_t
Latin America Evangelist
942
_c
ANA
999
_c
54610
_d
54610